Statystyki dla Kraje Ameryki Północnej z pustą mapą

Kliknij tutaj aby rozwiązać quiz!

Ogólne statystyki

  • Ten quiz został rozwiązany 1 055 razy
  • Średni wynik to 15 z 23

Odpowiedzi na mapie

Odpowiedzi skodowane kolorowo w zielono-czerwonej skali na mapie do tego quizu, zgodnie z poniższymi procentami.
 

Statystyki odpowiedzi

Państwo% Poprawnych
Stany Zjednoczone
99%
Kanada
98%
Meksyk
96%
Kuba
84%
Dominika
80%
Panama
77%
Dominikana
75%
Haiti
73%
Jamajka
71%
Honduras
69%
Kostaryka
69%
Nikaragua
65%
Bahamy
64%
Gwatemala
64%
Salwador
64%
Belize
61%
Barbados
54%
Saint Lucia
51%
Saint Vincent i Grenadyny
48%
Antigua i Barbuda
46%
Grenada
46%
Saint Kitts i Nevis
45%
Trynidad i Tobago
45%

Rozkład punktacji

Percentyl według liczby udzielonych odpowiedzi

Procent ludzi z każdym wynikiem

Twoja historia wyników

Nie rozwiązałeś tego quizu